| 000 | 00798cam a2200205 4500 | ||
|---|---|---|---|
| 001 | X118601 | ||
| 008 | 020701n2002 000 0 eng u | ||
| 035 | _a(Sirsi) u118601 | ||
| 100 | _aCornes, D | ||
| 245 | _aMore mediation | ||
| 260 | _c2002 | ||
| 490 |
_aSolicitors' Journal _v146(16) 26 April 2002, 379(1) |
||
| 520 | _aLooks at what courts and state can do to increase take-up of mediation. Using examples of "Dunnett v Railtrack plc" ([2002]EWCA Civ 303, [2002] 2 All ER 850) and "Cowl and others v Plymouth CC" shows how timely intervention by judges can force parties into mediation. | ||
| 650 | _aCIVIL PROCEDURE RULES | ||
| 650 | _aMEDIATION | ||
| 650 | _aDUNNETT V RAILTRACK PLC | ||
| 650 | _aCOWL AND OTHERS V PLYMOUTH CC | ||
| 690 |
_aDispute resolution _96236 |
||
| 942 | _n0 | ||
| 999 |
_c70622 _d70622 |
||